1557 1872 1374 1560 1211 1160 1316 1375 1246 1414 1380 1852 1331 1271 1082 1423 1927 1174 1487 1636 1734 1561 1489 1042 1441 1962 1669 1931 1925 1105 1013 1647 1824 1240 1556 1008 1673 1340 1505 1896 1840 1768 1670 1509 1900 1601 1142 1853 1070 1275 1969 1918 1852 1802 1641 1303 1555 1989 1769 1819 1110 1581 1668 1218 1525 1365 1776 1134 1540 1985 1634 1662 1358 1412 1147 1795 1651 1511 1808 1057 1222 1827 1706 1626 1897 1427 1899 1719 1739 1383 1361 1145 1553 1331 1385 1694 1811 1605 1482 BCNSPRNW ULIB Ver.6.0+V

เปลี่ยนเป็นภาษาไทย

Change to English
 แสดงรายละเอียดบรรณานุกรม
  กลับหน้าหลัก

Brief Record : Get Marc (ISO 2709) : E-mail record : QR code < ปิดหน้าต่าง
LEADER : 00000nam 2200000uu 4500
001    13399108672
003     ULIB
008    110311s2553||||th 000 0 tha d
020    9789741112197
060 04 QZ200^bจ698น 2553
245 00 เนื้องอกและมะเร็งของรยางค์ผิวหนัง :^bหลักในการวินิจฉัยอย่างเข้าใจง่าย = Cutaneous adnexal neoplasms : diagnostic approach by simplicity and understanding /^cบรรณาธิการ, เจน มโนนุกุล
246 31 Cutaneous adnexal neoplasms :^bdiagnostic approach bysimplicity and understanding
250    พิมพ์ครั้งที่ 1
260    กรุงเทพฯ :^bโครงการตำรา-ศิริราชสำนักงานรองคณบดีฝ่ายวิชาการ คณะแพทยศาสตร์ศิริราชพยาบาล มหาวิทยาลัยมหิดล,^c2553
300    395 หน้า :^bภาพประกอบสี ;^c27 ซม.
650  7 เนื้องอก^xการวินิจฉัย
650  7 เนื้องอก^xพยาธิวิทยา
650  7 พยาธิวิทยา
650  7 มะเร็ง^xการวินิจฉัย
653    ผลงานอาจารย์คณะแพทยศาสตร์ศิริราชพยาบาล
700 0  เจน มโนนุกุล,^eบรรณาธิการ
710 2  มหาวิทยาลัยมหิดล. ^bคณะแพทยศาสตร์ศิริราชพยาบาล.^bสำนักงานรองคณบดีฝ่ายวิชาการ. ^bโครงการตำรา-ศิริราช
945    ^p1400^l0^i028511
945    ^p1400^l0^i028510
945    ^p1400^l0^i028509
995    ทศพร
999 ^a ใช้งานได้ทุกระบบ
รายการนี้ยังไม่มีแท็ก
คุณยังไม่ได้ล็อกอิน คุณสามารถมีกิจกรรมร่วมกับเว็บไซต์ได้ แต่ต้องล็อกอินก่อน ::
  ล็อกอิน

รายการสื่อสารสนเทศ

ลำดับที่ ประเภท เลขเรียก/บาร์โค้ด สถานที่ สถานะ
- ไม่พบข้อมูล -

รายการใกล้เคียง
    หัวเรื่อง [เนื้องอก พยาธิวิทยา]
    หัวเรื่อง [พยาธิวิทยา]

BibComment


ยังไม่เคยถูกคอมเมนท์

คอมเมนท์ทรัพยากรรายการนี้
  คอมเมนท์: เนื้องอกและมะเร็ง..


 Copyright 2026. Bcnsprnw @Library